| 000 | 01655nam a2200445Ii 4500 | ||
|---|---|---|---|
| 001 | DIGVERBUM1348 | ||
| 003 | NyNyDIG0 | ||
| 006 | m o d | ||
| 007 | cr ||||||||||| | ||
| 008 | 220407s2020 sp o 000 0 spa d | ||
| 035 | _a(OCoLC)1319854438 | ||
| 040 |
_aDGITA _beng _erda _epn _cDGITA |
||
| 020 | _z9788490747780 | ||
| 041 | 1 |
_aspa _hlat |
|
| 050 | 1 | 4 | _aPA6315.S8 ebook |
| 082 | 0 | 4 | _a875.1 |
| 100 | 1 |
_aCicero, Marcus Tullius, _eauthor. |
|
| 240 | 1 | 0 |
_aLaelius de amicitia. _lSpanish _s(Padrón Alfonso) |
| 245 | 1 | 0 |
_aSobre la amistad = _bLaelius de amicitia / _cCicerón ; traducción, Alexis Padrón. |
| 264 | 1 |
_aMadrid : _bEditorial Verbum, _c[2020] |
|
| 300 | _a1 online resource. | ||
| 336 |
_atext _2rdacontent |
||
| 337 |
_acomputer _bc _2rdamedia |
||
| 338 |
_aonline resource _bcr _2rdacarrier |
||
| 347 |
_atext file _2rdaft |
||
| 347 | _bPDF | ||
| 490 | 1 | _aColección Ensayo | |
| 588 | 0 | _aOnline resource; title from PDF title page (Digitalia, viewed April 7, 2022) | |
| 650 | 0 | _aFriendship. | |
| 655 | 0 | _aElectronic books. | |
| 700 | 1 |
_aPadrón Alfonso, Alexis, _etranslator. |
|
| 700 | 1 |
_iTranslation of: _aCicero, Marcus Tullius. _tLaelius de amicitia. |
|
| 776 | 0 | 8 |
_iPrint version: _aCicero, Marcus Tullius. _sLaelius de amicitia. Spanish (Padrón Alfonso). _tSobre la amistad. _dMadrid : Editorial Verbum, [2020] _z9788490747780 |
| 791 | 2 |
_aDigitalia (Firm), _edistributor. |
|
| 793 | 0 |
_gDigitalia eBook Collection: _aVerbum |
|
| 830 | 0 | _aEnsayo (Editorial Verbum) | |
| 856 | 4 | 0 |
_3Digitalia Hispánica _uhttps://www.digitaliapublishing.com/a/70190/ |
| 910 | _aPremium Collection: 2022 | ||
| 942 | _cRAA | ||
| 999 |
_c263144 _d263144 |
||